| 000 | 00423 a2200145 4500 | ||
|---|---|---|---|
| 001 | 67556 | ||
| 020 | _a9781848001541 | ||
| 082 | _a629.822 THO | ||
| 090 |
_c38610 _d38610 |
||
| 100 | _aThoma,Morari | ||
| 245 |
_aLncis lecture Notes in Control and information Sciences Recent Advances in learning and control _cM.Thoma,M Morari |
||
| 260 |
_aLondon _bSpringer _c2008 |
||
| 300 | _axii 277 | ||
| 600 | _aM.Thoma,M.Morari | ||
| 942 |
_acaenust _k629.822 THO |
||
| 999 |
_c302629 _d302629 |
||